000 00842cam a22002773a 4500
001 13222
003 PGUSA
005 20140828083302.0
008 040819s2004||||xxu|||||s|||||000 | eng d
040 _aPGUSA
_beng
042 _adc
050 4 _aF850.5
050 4 _aDU
100 1 _aNordhoff, Charles,
_d1830-1901
245 1 0 _aNorthern California, Oregon, and the Sandwich Islands
_h[electronic resource] /
_cCharles Nordhoff
260 _bProject Gutenberg,
_c2004
506 _aPublic domain in the USA.
516 _aElectronic text
653 _aOregon -- Description and travel
653 _aHawaii -- Description and travel
653 _aCalifornia -- Description and travel
700 1 _aRemy, Jules,
_d1826-1893
830 0 _aProject Gutenberg
_v13222
856 4 0 _uhttp://www.gutenberg.org/ebooks/13222
942 _cEB
999 _c242477
_d242477